Famous People Born on Christmas Day - Statistics

General Stats
  • This quiz has been taken 63 times
  • The average score is 4 of 16
Answer Stats
Picture Hint Answer % Correct
Religious Figure Jesus Christ
90%
Scientist Isaac Newton
84%
World Leader Justin Trudeau
76%
Actor Humphrey Bogart
67%
Singer Annie Lennox
65%
Footballer Chris Kamara
24%
Singer Shane MacGowan
16%
Singer Dido
12%
Model Helena Christensen
6%
DJ Armin van Buuren
2%
Actress Jorgie Porter
2%
Model Adut Akech
0%
Dancer Emma Slater
0%
World Leader Muhammad Ali Jinnah
0%
Guitarist Noel Hogan
0%
Actor Taylor Zakhar Perez
0%
No matching quizzes found
Score Distribution
Percent of People with Each Score
Percentile by Number Answered
Your Score History
You have not taken this quiz